00796nam a2200241 a 450000100060000000300080000600500170001400800410003103500190007204000320009104100080012308200200013110000320015124500620018326000390024530000260028450000420031050000300035250000530038265000200043565100470045570000520050277269BD-RjUL20211209082943.0050606r19661922nyu 000 1 eng  a(BD-RjUL)77494 aDLCcDLCdDLCdBD-RjULbeng aeng0 a827.3bMAS 19661 aMarston, John,d1575?-1634.14aThe scourge of villanie, 1599 /cEdited by G.B. Harrison. aEdinburgh : bUniv. Press, c1966. axiii, 126 p.;c19 cm. aIncludes facsim. of the original t.p. aText of the 2d ed., 1599. aReprint of the ed. originally published in 1925. 0aCrimezEngland. 0aLondon (England)xSocial life and customs.1 aHarrison, G. B.q(George Bagshawe),d1894-1991,